The Indian Ocean Great Game Unfolding Interests, Determinants and Perspectives: (Record no. 182993)

MARC details
000 -LEADER
fixed length control field 00620 a2200169 4500
005 - DATE AND TIME OF LATEST TRANSACTION
control field 20211214111052.0
010 ## - LCCN (DPL NO)
LC control number ENG-130297
020 ## - INTERNATIONAL STANDARD BOOK NUMBER
Terms of availability 680.00
International Standard Book Number 978-93-89137-79-8
035 ## - SYSTEM CONTROL NUMBER
System control number EN-113829
037 ## - SOURCE OF ACQUISITION
Source of stock number/acquisition DBAD / PUB
082 ## - DEWEY DECIMAL CLASSIFICATION NUMBER
Classification number 355.03301824
245 ## - TITLE STATEMENT
Title The Indian Ocean Great Game Unfolding Interests, Determinants and Perspectives:
Remainder of title Edited by Sundeep Kumar. S
260 ## - PUBLICATION, DISTRIBUTION, ETC. (IMPRINT)
Name of publisher, distributor, etc KW Publishers Pvt Ltd.
Date of publication, distribution, etc 2021
Place of publication, distribution, etc New Delhi
270 ## - ADDRESS
Electronic mail address kw@kwpub.com
Address 4676/21, First Floor, Ansari Road, Daryaganj
City New Delhi
Postal code 110002
300 ## - PHYSICAL DESCRIPTION
Extent xix, 134p.
Dimensions 23cm (pbk)
942 ## - ADDED ENTRY ELEMENTS (KOHA)
Institution code [OBSOLETE] dpl
Item type English Books
Source of classification or shelving scheme Dewey Decimal Classification
Classification part 355.03301824
Call number suffix SUN
Holdings
Withdrawn status Lost status Not for loan Collection code Home library Current library Date acquired Source of acquisition Cost, normal purchase price Full call number Barcode Copy number Cost, replacement price Koha item type
      Non-fiction Bawana Bawana 14/12/2021 DBAD/PUB 680.00 355.03301824 SUN EN-113829 1 680.00 English Books

© Delhi Public Library
Hit Counter
free hit counter